Statistics for Species of Great Ape

Click here to take the quiz!

General Stats

  • This quiz has been taken 133 times
  • The average score is 5 of 8

Answer Stats

FamilySubfamilyTribeGenusSpeciesCommon name% Correct
HomoSapiensHuman
94%
HomininiPanTroglodytesChimpanzee
93%
PaniscusBonobo
87%
AbeliiSumatran orangutan
57%
HomininaeGorilliniGorillaGorillaWestern gorilla
57%
BeringeiEastern gorilla
54%
HominidaePonginaePonginiPongoPygmaeusBornean orangutan
53%
TapanuliensisTapanuli orangutan
33%

Score Distribution

Percentile by Number Answered

Percent of People with Each Score

Your Score History

You have not taken this quiz